African Colonies By Country - Statistics

General Stats
  • This quiz has been taken 246 times
    221 since last reset
  • The average score is 47 of 59
Answer Stats
Modern Day-African Country Former European Colonialist(s) % Correct
Morocco Spain
97%
Algeria France
96%
Tunisia France
96%
Libya Italy
91%
Egypt UK
90%
Sudan UK
90%
South Sudan UK
90%
Djibouti/Somaliland France
88%
Kenya UK
88%
Eritrea Italy
87%
Uganda UK
87%
Somalia/Somaliland UK
86%
France
85%
Eswatini UK
83%
Lesotho/Basutoland UK
83%
South Africa UK
83%
Zambia/Northern Rhodesia UK
82%
Zimbabwe/Southern Rhodesia UK
82%
Botswana/Bechuanaland UK
82%
D.R.Congo/Zaire Belgium
81%
Rep. Congo France
81%
Mauritius UK
81%
Comoros France
80%
Madagascar France
80%
Gabon France
80%
Tanzania Germany
80%
Mozambique Portugal
80%
Angola Portugal
80%
UK
80%
Malawi/Nyasaland UK
80%
Nigeria UK
80%
Central African Republic France
79%
Chad France
79%
Ivory Coast France
79%
Mali France
79%
Italy
79%
Benin France
78%
Niger France
78%
Burkina Faso France
78%
Guinea France
78%
Senegal France
78%
Rwanda Germany
78%
Burundi Germany
78%
Ghana/Gold Coast UK
78%
Sierra Leone UK
78%
Southwest Africa Germany
77%
Cameroon Germany
76%
Cape Verde Portugal
76%
Equatorial Guinea Spain
76%
(Western Sahara/Rio de Oro) Spain
76%
Togo Germany
74%
Sao Tome and Principe Portugal
74%
Guinea-Bissau Portugal
74%
Germany
69%
Germany
69%
Germany
68%
Germany
68%
Seychelles Portugal
63%
The Gambia Portugal
61%
No matching quizzes found
Score Distribution
Percent of People with Each Score
Percentile by Number Answered
Your Score History
You have not taken this quiz since the last reset